Miera nezamestnanosti a investície

Pojem a meranie miery nezamestnanosti. Meranie nezamestnanosti v Spojených štátoch amerických. Zverejňované údaje o nezamestnanosti. Miera nezamestnanosti v Nemecku. Analýza miery nezamestnanosti a akciového indexu.

Salvato in:
Dettagli Bibliografici
Autore principale: Kmeťko, Miroslav, 1969-
Natura: Capitolo di libro
Lingua:slovacco
Soggetti:
Tags: Aggiungi Tag
Nessun Tag, puoi essere il primo ad aggiungerne!!

MARC

LEADER 00000nla a2200000 4500
001 0238160
005 20240502073842.1
041 0 |a slo 
044 |a SK 
245 1 0 |a Miera nezamestnanosti a investície  |c Miroslav Kmeťko 
520 |a Pojem a meranie miery nezamestnanosti. Meranie nezamestnanosti v Spojených štátoch amerických. Zverejňované údaje o nezamestnanosti. Miera nezamestnanosti v Nemecku. Analýza miery nezamestnanosti a akciového indexu. 
610 2 0 |a miera nezamestnanosti 
610 2 0 |a USA 
610 2 0 |a Nemecko 
610 2 0 |a investície 
610 2 0 |a indexy akciové 
100 1 |a Kmeťko, Miroslav, 1969-